30 Most Powerful Passports - Statistics

General Stats
  • This quiz has been taken 721 times
  • The average score is 25 of 30
Answer Stats
Countries Answer % Correct
157 United Kingdom
97%
155 United States
97%
153 Canada
94%
158 Germany
93%
158 Sweden
93%
157 Spain
92%
157 France
91%
156 Italy
91%
156 Norway
91%
151 Australia
90%
157 Finland
90%
154 Japan
90%
157 Switzerland
89%
156 Netherlands
88%
155 Portugal
88%
156 Denmark
87%
156 Belgium
86%
155 Austria
85%
153 New Zealand
85%
156 South Korea
84%
154 Ireland
83%
150 Poland
82%
154 Greece
81%
151 Iceland
78%
155 Luxembourg
77%
152 Czech Republic
76%
155 Singapore
74%
152 Hungary
70%
151 Malta
51%
151 Malaysia
36%
No matching quizzes found
Score Distribution
Percent of People with Each Score
Percentile by Number Answered
Your Score History
You have not taken this quiz